[Event "Sachsen-Anhalt I-Thüringen"]
[Site "?"]
[Date "2005.04.15"]
[Round "2.5"]
[White "Espig, Gesine"]
[Black "Großmann, Susan"]
[Result "1-0"]
[WhiteElo "2080"]
[BlackElo "2026"]
[PlyCount "111"]
[EventDate "1905.??.??"]

1. c4 d6 2. Nc3 g6 3. g3 Bg7 4. Bg2 c5 5. e4 Nc6 6. d3 e6 7. Nge2 Nge7 8. O-O
O-O 9. Be3 Rb8 10. Qd2 a6 11. Bh6 b5 12. Bxg7 Kxg7 13. b3 b4 14. Nd1 a5 15. Ne3
h5 16. d4 Qb6 17. Rad1 Rd8 18. f4 cxd4 19. Nxd4 Nxd4 20. Qxd4+ Qxd4 21. Rxd4
Nc6 22. Rd2 e5 23. Rfd1 Nd4 24. Nc2 Nxc2 25. Rxc2 Bg4 26. Rd5 exf4 27. gxf4 a4
28. bxa4 Ra8 29. a5 Be6 30. Rb5 Rdc8 31. e5 Ra7 32. exd6 Rxc4 33. Rxc4 Bxc4 34.
Rxb4 Bxa2 35. Ra4 Be6 36. a6 Bc8 37. Bf1 Kf6 38. Rc4 Bxa6 39. Ra4 Bxf1 40. Rxa7
Bb5 41. Ra5 Bd7 42. Re5 Be6 43. Kf2 Bg4 44. Re7 h4 45. Ke3 Be6 46. Kd4 Kf5 47.
Rxf7+ Kg4 48. Rf6 Bd7 49. Rxg6+ Kxf4 50. Rg7 Be6 51. d7 Bxd7 52. Rxd7 Kg4 53.
Ke3 Kh3 54. Rh7 Kg4 55. Kf2 Kh3 56. Kf3 1-0

[Event "Sachsen-Anhalt I-Thüringen"]
[Site "?"]
[Date "2005.04.15"]
[Round "2.6"]
[White "Eckhardt, Claudia"]
[Black "Uhlendorf, Kristina"]
[Result "1-0"]
[WhiteElo "2209"]
[BlackElo "2074"]
[PlyCount "103"]
[EventDate "1905.??.??"]

1. d4 Nf6 2. Nf3 g6 3. g3 Bg7 4. Bg2 d5 5. O-O O-O 6. c4 c6 7. Nc3 Ne4 8. h3
Bf5 9. cxd5 cxd5 10. Qb3 Nc6 11. g4 Nxc3 12. bxc3 Na5 13. Qb4 Be4 14. Bf4 b6
15. Rfe1 h6 16. Bf1 g5 17. Bc1 Nc4 18. Nd2 Nxd2 19. Bxd2 e5 20. Rac1 Qf6 21.
Be3 Rfc8 22. dxe5 Qxe5 23. Bd4 Qf4 24. Bxg7 Rc4 25. Qe7 Kxg7 26. f3 Rxc3 27.
Rxc3 Qg3+ 28. Kh1 Qxe1 29. Qe5+ Kg8 30. Kg2 Bg6 31. Qxd5 Re8 32. Qd4 Qa1 33.
Qd2 Bb1 34. Ra3 a5 35. Qc1 b5 36. Rb3 Qxa2 37. Rb2 Qd5 38. Qxb1 b4 39. e4 Qd4
40. Bb5 Rb8 41. Ba4 Rd8 42. Bb3 Ra8 43. Qa2 Ra7 44. Rd2 Qc3 45. Rc2 Qd4 46. Rc4
Qe3 47. Rc8+ Kg7 48. Qb2+ f6 49. Rg8+ Kh7 50. Qc2 Rd7 51. e5+ Qd3 52. e6 1-0

[Event "Sachsen-Anhalt I-Thüringen"]
[Site "?"]
[Date "2005.04.15"]
[Round "2.7"]
[White "Lange, Corinna"]
[Black "Burisch, Christin"]
[Result "1-0"]
[WhiteElo "2065"]
[BlackElo "1862"]
[PlyCount "79"]
[EventDate "1905.??.??"]

1. e4 b6 2. d4 Bb7 3. Nc3 e6 4. Be3 Bb4 5. f3 Nf6 6. Qd2 d5 7. e5 Nfd7 8. a3
Be7 9. f4 c5 10. Nf3 Nc6 11. Bb5 a6 12. Bxc6 Bxc6 13. O-O O-O 14. Ne2 cxd4 15.
Nexd4 Bb7 16. b4 Re8 17. f5 exf5 18. Nxf5 f6 19. Nxe7+ Qxe7 20. Qf2 fxe5 21.
Rae1 Qf6 22. Bg5 Qg6 23. Qd2 h6 24. Bh4 Rac8 25. Re2 Re6 26. Bg3 Rf8 27. Ref2
d4 28. Nh4 Rxf2 29. Qxf2 Qe8 30. Nf5 Rf6 31. Qe2 Qe6 32. Qg4 g5 33. h4 Rg6 34.
hxg5 hxg5 35. Qe2 Rf6 36. Qg4 Rg6 37. Qe2 b5 38. Nxd4 Qd5 39. Nf5 Rf6 40. Ne7+
1-0

[Event "Berlin-Sachsen"]
[Site "?"]
[Date "2005.04.15"]
[Round "2.1"]
[White "Melamed, Tatjana"]
[Black "Nagel, Verena"]
[Result "0-1"]
[WhiteElo "2295"]
[BlackElo "2100"]
[PlyCount "60"]
[EventDate "1905.??.??"]

1. e4 e5 2. Nf3 Nc6 3. Bb5 a6 4. Ba4 Nf6 5. O-O d6 6. c3 Bg4 7. d3 Be7 8. Nbd2
O-O 9. Re1 b5 10. Bc2 Ne8 11. h3 Bd7 12. d4 Bf6 13. Nf1 g6 14. Ne3 Bg7 15. Ng4
f6 16. Nh6+ Kh8 17. a4 Rb8 18. axb5 axb5 19. Bb3 Qe7 20. Be3 Nd8 21. d5 f5 22.
exf5 gxf5 23. Bg5 Bf6 24. Bc1 Qg7 25. Bc2 Be7 26. Nh2 Bg5 27. Qh5 Bxc1 28.
Raxc1 Nf6 29. Qh4 Nxd5 30. Nf3 Rf6 0-1

[Event "Berlin-Sachsen"]
[Site "?"]
[Date "2005.04.15"]
[Round "2.2"]
[White "Wagner-Michel, Annett"]
[Black "Beltz, Franziska"]
[Result "1-0"]
[WhiteElo "2142"]
[BlackElo "2061"]
[PlyCount "101"]
[EventDate "1905.??.??"]

1. e4 c5 2. Nf3 d6 3. d4 cxd4 4. Nxd4 Nf6 5. Nc3 a6 6. f3 e6 7. Be3 b5 8. g4 h6
9. Qd2 Bb7 10. O-O-O Nbd7 11. h4 b4 12. Nce2 d5 13. Ng3 dxe4 14. Nxe4 Nxe4 15.
fxe4 Nc5 16. Bg2 Qc7 17. e5 Ne4 18. Bxe4 Bxe4 19. Rhe1 Bd5 20. Kb1 Qc4 21. b3
Qc7 22. Bf4 O-O-O 23. Qd3 Kb7 24. Kb2 Be7 25. h5 Rd7 26. Qg3 Rc8 27. Re3 Qa5
28. Kb1 Rdc7 29. Rdd3 Bc5 30. Re2 Be7 31. Bc1 Rc5 32. Bb2 Qc7 33. a3 a5 34. a4
Ka8 35. Qf2 Qb7 36. Qxf7 Rf8 37. Qg6 Bg5 38. Rd1 Rf4 39. Qe8+ Ka7 40. Nxe6 Rc8
41. Qg6 Be4 42. Qxg7 Rf7 43. Qxf7 Qxf7 44. Nxg5 hxg5 45. Rxe4 Qf3 46. Red4 Qe2
47. Rd7+ Kb8 48. R1d2 Qxg4 49. h6 Rc7 50. h7 Qh3 51. e6 1-0

[Event "Berlin-Sachsen"]
[Site "?"]
[Date "2005.04.15"]
[Round "2.3"]
[White "Ulms, Sandra"]
[Black "Schulz, Stefanie"]
[Result "1-0"]
[WhiteElo "2151"]
[BlackElo "2070"]
[PlyCount "65"]
[EventDate "1905.??.??"]

1. d4 Nf6 2. c4 c5 3. d5 e6 4. Nc3 exd5 5. cxd5 d6 6. e4 g6 7. Bb5+ Bd7 8. a4
a6 9. Bd3 Bg7 10. h3 O-O 11. Nf3 Qc7 12. a5 c4 13. Bc2 Bb5 14. O-O Nbd7 15. Nd4
Nc5 16. Bg5 Qd7 17. Re1 Rfd8 18. Qd2 Ne8 19. Be3 Rac8 20. f4 Nc7 21. f5 Qe7 22.
Kh1 Be8 23. Bg5 f6 24. Bh4 Bf7 25. Rf1 g5 26. Bf2 Re8 27. Rae1 Qd8 28. Na4 Nb5
29. Nb6 Rc7 30. Ne6 Bxe6 31. dxe6 Nb3 32. Bxb3 cxb3 33. Qb4 1-0

[Event "Berlin-Sachsen"]
[Site "?"]
[Date "2005.04.15"]
[Round "2.4"]
[White "Sonnenberger, Kirsten"]
[Black "Dämering, Katrin"]
[Result "1-0"]
[WhiteElo "2049"]
[BlackElo "2148"]
[PlyCount "105"]
[EventDate "1905.??.??"]

1. e4 c5 2. Nf3 d6 3. d4 cxd4 4. Nxd4 Nf6 5. Nc3 a6 6. a4 e6 7. Be2 Be7 8. O-O
O-O 9. Be3 Qc7 10. f4 Nc6 11. Nb3 b6 12. Bf3 Rb8 13. Qd2 Rd8 14. g4 d5 15. exd5
Nb4 16. Bd4 Nbxd5 17. Be5 Bd6 18. Nxd5 Nxd5 19. Bxd6 Rxd6 20. Nd4 Bb7 21. c3
Rbd8 22. Bg2 Nf6 23. Qe2 Nxg4 24. Qxg4 e5 25. Nf3 Rg6 26. Qh3 exf4 27. Rf2 Bc8
28. Qh5 f6 29. Nh4 Rg5 30. Qf3 Rg4 31. Rd1 Rxh4 32. Rfd2 Rf8 33. Qd5+ Kh8 34.
Qd6 Qxd6 35. Rxd6 g6 36. Rd8 Kg7 37. Rxf8 Kxf8 38. Rd8+ Ke7 39. Rxc8 Rg4 40.
Kf2 Rg5 41. Rc7+ Kd6 42. Rc6+ Kd7 43. Rxb6 Ra5 44. b3 Rh5 45. h3 Rc5 46. c4 f5
47. Rxa6 g5 48. Ra7+ Kd6 49. Rxh7 Ke5 50. Rg7 Kd4 51. Bd5 g4 52. hxg4 fxg4 53.
b4 1-0

[Event "Berlin-Sachsen"]
[Site "?"]
[Date "2005.04.15"]
[Round "2.5"]
[White "Neumeyer, Hannelore"]
[Black "Platzek, Janine"]
[Result "0-1"]
[WhiteElo "2047"]
[BlackElo "2084"]
[PlyCount "73"]
[EventDate "1905.??.??"]

1. d4 d5 2. e4 dxe4 3. Nc3 Nf6 4. f3 e3 5. Bxe3 Bf5 6. Nge2 e6 7. Ng3 Bg6 8.
Bd3 c5 9. Bb5+ Nbd7 10. dxc5 Qc7 11. Nge4 Bxe4 12. Nxe4 Qa5+ 13. Nc3 Rd8 14.
O-O a6 15. c6 axb5 16. cxd7+ Rxd7 17. Qe2 b4 18. Qb5 Qc7 19. Na4 Qc6 20. Qxc6
bxc6 21. Nb6 Rb7 22. Nc4 Rb5 23. a4 bxa3 24. bxa3 Nd5 25. Bf2 Bc5 26. Bxc5 Rxc5
27. Nd6+ Ke7 28. Ne4 Rxc2 29. Rfb1 Rd8 30. a4 Ne3 31. Rb7+ Ke8 32. a5 f5 33. a6
Rxg2+ 34. Kh1 fxe4 35. a7 Ra2 36. Re1 Rdd2 37. Rxe3 0-1

[Event "Berlin-Sachsen"]
[Site "?"]
[Date "2005.04.15"]
[Round "2.7"]
[White "Köditz, Katja"]
[Black "Neldner, Uta"]
[Result "0-1"]
[WhiteElo "1770"]
[BlackElo "1745"]
[PlyCount "86"]
[EventDate "1905.??.??"]

1. d4 d5 2. Nf3 e6 3. e3 f5 4. Nbd2 Nf6 5. Ne5 c6 6. Be2 Bd6 7. Ndf3 O-O 8. h3
Ne4 9. Bd2 Nd7 10. Nd3 Bc7 11. Bb4 Rf6 12. Nfe5 Nxe5 13. Nxe5 Bxe5 14. dxe5 Rg6
15. Bf3 Qb6 16. Ba3 c5 17. O-O Qc7 18. Bxe4 fxe4 19. f4 b6 20. b3 Qe7 21. Qe2
Qh4 22. Kh1 Bd7 23. Bb2 Bc6 24. Qf2 Qe7 25. c3 Rf8 26. Rg1 Rh6 27. Qg3 Rf5 28.
Rgf1 Bb5 29. Rf2 Rg6 30. Qh2 Qh4 31. g4 Rf8 32. Rg2 Rh6 33. Rg3 Be2 34. g5 Rg6
35. Re1 Bf3+ 36. Kg1 h6 37. Rf1 hxg5 38. a4 Qh6 39. fxg5 Rxg5 40. Rf2 Rff5 41.
Kf1 Rxg3 42. Qxg3 Qxe3 43. Qh4 Rg5 0-1

[Event "Berlin-Sachsen"]
[Site "?"]
[Date "2005.04.15"]
[Round "2.8"]
[White "Strate, Gerda"]
[Black "Beltz, Carmen"]
[Result "0-1"]
[WhiteElo "1735"]
[BlackElo "1915"]
[PlyCount "118"]
[EventDate "1905.??.??"]

1. e4 c5 2. Nf3 e6 3. d4 cxd4 4. Nxd4 a6 5. Be2 Nc6 6. O-O Nge7 7. c4 Qc7 8.
Nc3 Nxd4 9. Qxd4 Nc6 10. Qd2 Be7 11. b3 O-O 12. Bb2 b6 13. Na4 Rd8 14. Qe3 Rb8
15. Rac1 d6 16. Qg3 Bf8 17. c5 bxc5 18. Nxc5 Qb6 19. Na4 Qb7 20. Qh4 Bd7 21.
Kh1 Ne7 22. Nc3 Bc6 23. Bf3 Ng6 24. Qg5 Ne5 25. Qe3 Rbc8 26. Be2 Nd7 27. f4 Nf6
28. Bd3 d5 29. Qe2 Ra8 30. e5 Nd7 31. Rf3 g6 32. Rh3 Nc5 33. Bb1 d4 34. Nd1 Be4
35. Bxe4 Nxe4 36. Nf2 Nxf2+ 37. Qxf2 Rac8 38. Rd1 Bc5 39. Qh4 h5 40. Qg5 Be7
41. Qg3 Kh8 42. Qd3 Bc5 43. Kg1 Kg7 44. Rf3 a5 45. Rf2 Qa7 46. Rc2 a4 47. b4
Bxb4 48. Rxc8 Rxc8 49. Bxd4 Qa5 50. Bf2 Rc3 51. Qb1 Bc5 52. Qb2 a3 53. Qd2
Bxf2+ 54. Kxf2 Qd5 55. Kf1 Qc4+ 56. Qe2 Qxf4+ 57. Kg1 Re3 58. Qb5 Rxe5 59. Qe8
Qe3+ 0-1

[Event "Sachsen-Anhalt II-Bayern"]
[Site "?"]
[Date "2005.04.15"]
[Round "2.1"]
[White "Ankerst, Milka"]
[Black "Hofmann, Annett"]
[Result "0-1"]
[WhiteElo "2134"]
[BlackElo "1978"]
[PlyCount "92"]
[EventDate "1905.??.??"]

1. e4 c5 2. Nf3 d6 3. Bb5+ Bd7 4. Bxd7+ Qxd7 5. O-O Nc6 6. d4 cxd4 7. Nxd4 Nf6
8. Nc3 e6 9. f4 a6 10. Be3 b5 11. Qf3 Rc8 12. Nxc6 Qxc6 13. Bd4 b4 14. Bxf6
gxf6 15. Ne2 Qb6+ 16. Kh1 Rxc2 17. e5 Qc6 18. Qxc6+ Rxc6 19. exf6 Rc2 20. Ng3
Rxb2 21. Rfd1 Rg8 22. Rab1 Rxb1 23. Rxb1 d5 24. Rc1 Kd7 25. Kg1 Rg4 26. Ne2 Rg6
27. Kf2 Rxf6 28. Ke3 Rg6 29. g3 Bd6 30. Nd4 Rg8 31. Rc6 Ra8 32. Kd3 Ra7 33. Rc2
Rc7 34. Rxc7+ Bxc7 35. Nf3 f6 36. Ne1 Bb6 37. Nc2 a5 38. Ne1 Kd6 39. Nf3 Bc5
40. g4 Ke7 41. g5 Bd6 42. Ke3 a4 43. gxf6+ Kxf6 44. Ne1 Kf5 45. Nd3 b3 46. axb3
a3 0-1

[Event "Sachsen-Anhalt II-Bayern"]
[Site "?"]
[Date "2005.04.15"]
[Round "2.2"]
[White "Wölfer, Wiebke"]
[Black "Mikliaeva, Darja"]
[Result "1-0"]
[WhiteElo "1734"]
[BlackElo "2084"]
[PlyCount "71"]
[EventDate "1905.??.??"]

1. e4 c5 2. Nc3 Nc6 3. g3 g6 4. Bg2 Bg7 5. d3 d6 6. f4 e6 7. Nf3 Nge7 8. O-O
O-O 9. h3 Rb8 10. Rb1 b5 11. Ne2 b4 12. Bd2 a5 13. c3 Ba6 14. Be3 h6 15. Qd2
Kh7 16. g4 f5 17. exf5 exf5 18. g5 h5 19. Ng3 Nd5 20. Rbc1 Nxe3 21. Qxe3 bxc3
22. bxc3 Rb2 23. Nh4 Re8 24. Qf3 Ne7 25. Nxg6 Rxg2+ 26. Kxg2 Qc8 27. Qxh5+ Kg8
28. Nxe7+ Rxe7 29. Rfe1 Bb7+ 30. Kf2 Qc6 31. Rxe7 Qg2+ 32. Ke1 Qxg3+ 33. Kd2
Qxf4+ 34. Kc2 Qa4+ 35. Kb1 Qb5+ 36. Ka1 1-0

[Event "Sachsen-Anhalt II-Bayern"]
[Site "?"]
[Date "2005.04.15"]
[Round "2.3"]
[White "Woniak, Katarzyna"]
[Black "Reiß, Rebekka"]
[Result "1/2-1/2"]
[WhiteElo "1997"]
[BlackElo "1659"]
[PlyCount "79"]
[EventDate "1905.??.??"]

1. d4 f5 2. c4 Nf6 3. Nc3 e6 4. Qc2 d6 5. e4 fxe4 6. Nxe4 Nc6 7. Nf3 Bd7 8. a3
Qe7 9. Be3 O-O-O 10. Bd3 h6 11. O-O-O g5 12. d5 exd5 13. Nxf6 Qxf6 14. cxd5 Ne5
15. Nxe5 Qxe5 16. Bxa7 Qxd5 17. Qc3 Be7 18. Rhe1 Qf7 19. Be4 Rde8 20. Bd4 Rhf8
21. Qa5 Qc4+ 22. Kb1 Qa6 23. Qc3 Bf5 24. Bxf5+ Rxf5 25. Rc1 c6 26. Qh3 Qb5 27.
Bc5 Ref8 28. Rxe7 dxc5 29. Re5 g4 30. Qxg4 Qd3+ 31. Ka2 Kb8 32. Rxf5 Rxf5 33.
Qg8+ Ka7 34. f3 Rg5 35. Qf8 Rxg2 36. Qxc5+ Kb8 37. Qe5+ Ka7 38. Qc5+ Kb8 39.
Qf8+ Ka7 40. Qc5+ 1/2-1/2

[Event "Sachsen-Anhalt II-Bayern"]
[Site "?"]
[Date "2005.04.15"]
[Round "2.4"]
[White "Pflug, Tanja"]
[Black "Nentwig, Nicole"]
[Result "1/2-1/2"]
[WhiteElo "2045"]
[BlackElo "1840"]
[PlyCount "113"]
[EventDate "1905.??.??"]

1. Nc3 g6 2. f4 Bg7 3. Nf3 d6 4. d4 c6 5. e4 Qc7 6. Bc4 b5 7. Bd3 a6 8. O-O Bg4
9. e5 d5 10. h3 Bc8 11. Nh4 e6 12. Be3 Ne7 13. g4 Nd7 14. f5 gxf5 15. gxf5 Bxe5
16. dxe5 Qxe5 17. Qf3 Rg8+ 18. Ng2 Rg3 19. Qf4 Rxh3 20. fxe6 fxe6 21. Qf7+ Kd8
22. Bf4 Qd4+ 23. Rf2 Ne5 24. Bxe5 Qxe5 25. Qf4 Qxf4 26. Nxf4 Rh4 27. Re1 Kc7
28. Nxe6+ Bxe6 29. Rxe6 Kd7 30. Ref6 Rg8+ 31. Kf1 d4 32. Ne4 Nd5 33. Nc5+ Kc7
34. Rf7+ Kb6 35. Nd7+ Ka5 36. Ke1 Rh1+ 37. Rf1 Rh2 38. Nf6 Nxf6 39. R7xf6 c5
40. a3 c4 41. b4+ cxb3 42. cxb3 Rc8 43. Kd1 Rc3 44. b4+ Ka4 45. Rxa6+ Kb3 46.
Bxb5 Kb2 47. Rc6 Kxa3 48. Rxc3+ dxc3 49. Bd3 Rd2+ 50. Kc1 Rxd3 51. b5 Kb3 52.
b6 Rd7 53. Rf5 Rd8 54. b7 Rb8 55. Rb5+ Kc4 56. Rb6 h5 57. Kc2 1/2-1/2

[Event "Sachsen-Anhalt II-Bayern"]
[Site "?"]
[Date "2005.04.15"]
[Round "2.5"]
[White "Zabarska, Natalia"]
[Black "Wetterling, Maria"]
[Result "1-0"]
[WhiteElo "1709"]
[BlackElo "1988"]
[PlyCount "67"]
[EventDate "1905.??.??"]

1. e4 e6 2. d4 d5 3. e5 c5 4. c3 Nc6 5. Nf3 Qb6 6. Bd3 Bd7 7. O-O Rc8 8. dxc5
Bxc5 9. b4 Be7 10. Bf4 d4 11. a3 dxc3 12. Nxc3 Nxb4 13. Na4 Bxa4 14. Qxa4+ Nc6
15. Rac1 Bc5 16. Rc2 Nge7 17. Rfc1 Rd8 18. Bb5 Rd5 19. Bc4 Rd7 20. Ng5 Nd5 21.
Bxd5 Rxd5 22. Ne4 Rd4 23. Rc4 Rxc4 24. Rxc4 Be7 25. Nd6+ Bxd6 26. exd6 Kd7 27.
Rb4 Qa6 28. Qxa6 bxa6 29. Rb7+ Kd8 30. Rc7 e5 31. Be3 Nd4 32. Rxa7 Re8 33. Rxf7
Ne6 34. Bb6+ 1-0

[Event "Sachsen-Anhalt II-Bayern"]
[Site "?"]
[Date "2005.04.15"]
[Round "2.6"]
[White "Wallstabe, Antje"]
[Black "Burzler, Annette"]
[Result "1-0"]
[WhiteElo "1586"]
[BlackElo "1661"]
[PlyCount "73"]
[EventDate "1905.??.??"]

1. c4 c5 2. Nc3 Nf6 3. g3 g6 4. Bg2 Bg7 5. e3 O-O 6. Nge2 d6 7. O-O Nbd7 8. a3
a6 9. b4 Rb8 10. Rb1 b5 11. cxb5 axb5 12. bxc5 Nxc5 13. d4 Bf5 14. Rxb5 Rxb5
15. Nxb5 Nd3 16. Nbc3 Qa5 17. a4 Rb8 18. Nb5 Nxc1 19. Nxc1 Bd7 20. Qc2 Bxb5 21.
axb5 Qxb5 22. Nd3 Bf8 23. Nf4 e5 24. dxe5 dxe5 25. Nd3 Ne8 26. Bc6 Qa5 27. Bg2
f6 28. Qc4+ Kg7 29. Qc6 Rd8 30. Rb1 Nc7 31. Qc4 Qa7 32. Rb7 Qa1+ 33. Bf1 Kh6
34. Rxc7 Kg5 35. Qh4+ Kf5 36. e4+ Ke6 37. Qxh7 1-0

[Event "Sachsen-Anhalt II-Bayern"]
[Site "?"]
[Date "2005.04.15"]
[Round "2.7"]
[White "¦¦, Nelli"]
[Black "Domaske, Susann"]
[Result "1/2-1/2"]
[WhiteElo "1767"]
[BlackElo "1373"]
[PlyCount "118"]
[EventDate "1905.??.??"]

1. g3 e5 2. Bg2 Nf6 3. d3 Bc5 4. Nf3 Nc6 5. O-O O-O 6. c4 a6 7. Nc3 d6 8. a3
Rb8 9. b4 Ba7 10. Nd2 Ne7 11. Nb3 Be6 12. Bg5 Nd7 13. Na5 f6 14. Bd2 c6 15. Nb3
d5 16. cxd5 Nxd5 17. Ne4 Ne7 18. Rc1 Bd5 19. Qc2 Nf5 20. Nec5 Nxc5 21. Bxd5+
Qxd5 22. Nxc5 Nd4 23. Qd1 Bxc5 24. Rxc5 Qa2 25. a4 Qb3 26. e3 Qxd1 27. Rxd1 Nb3
28. Rc3 Nxd2 29. Rxd2 Rfd8 30. d4 exd4 31. Rcd3 Kf7 32. Rxd4 Ke7 33. Re4+ Kf7
34. Red4 Ke7 35. Kf1 Rxd4 36. Rxd4 Rd8 37. Re4+ Kf7 38. Ke2 Rd5 39. g4 h6 40.
h3 h5 41. h4 hxg4 42. Rxg4 g6 43. Rf4 Ke6 44. Re4+ Re5 45. Rg4 Kf7 46. Rd4 Ke6
47. f3 Rd5 48. Kd3 Ke5 49. f4+ Ke6 50. Rxd5 cxd5 51. a5 Kd6 52. e4 Ke6 53. Kd4
dxe4 54. Kxe4 f5+ 55. Kd4 Kd6 56. Kc4 Kc6 57. Kd4 Kd6 58. Kc4 Kc6 59. Kd4 Kd6
1/2-1/2

[Event "Sachsen-Anhalt II-Bayern"]
[Site "?"]
[Date "2005.04.15"]
[Round "2.8"]
[White "Thiele, Andra (Feist)"]
[Black "Walther, Margareta"]
[Result "1/2-1/2"]
[WhiteElo "1420"]
[BlackElo "1363"]
[PlyCount "100"]
[EventDate "1905.??.??"]

1. e4 c5 2. Nf3 Nc6 3. Bb5 d6 4. d4 Qa5+ 5. Nc3 a6 6. Bxc6+ bxc6 7. Bd2 cxd4 8.
Nxd4 Qb6 9. Nb3 Nf6 10. h3 e5 11. O-O Be7 12. Bg5 Be6 13. Kh1 Rd8 14. Qe2 O-O
15. Rad1 h6 16. Bh4 Kh7 17. Rd2 Rg8 18. f3 g5 19. Bf2 Qc7 20. Qxa6 Nh5 21. Kh2
Nf4 22. Bb6 Qc8 23. Qxc8 Rxc8 24. Be3 Ng6 25. a3 Nf4 26. g4 h5 27. Ne2 hxg4 28.
hxg4 Kg6 29. Nxf4+ gxf4 30. Bf2 Rh8+ 31. Kg2 Rh7 32. Rh1 Rxh1 33. Kxh1 Bc4 34.
Nc1 c5 35. b3 Ba6 36. Na2 c4 37. Kg2 cxb3 38. cxb3 Rb8 39. Nb4 Bb5 40. Nd5 Bf8
41. Bh4 Rb7 42. Rc2 Bd7 43. b4 Be6 44. Rc6 Bxd5 45. exd5 Rb5 46. Ra6 Rxd5 47.
b5 Rxb5 48. a4 Rb2+ 49. Kh3 Rb1 50. Kg2 Rb2+ 1/2-1/2

[Event "Niedersachsen-Hessen"]
[Site "?"]
[Date "2005.04.15"]
[Round "2.1"]
[White "Petri, Birgit"]
[Black "Romakin, Helene"]
[Result "1-0"]
[WhiteElo "2090"]
[BlackElo "2013"]
[PlyCount "85"]
[EventDate "1905.??.??"]

1. e4 c5 2. Nf3 d6 3. d4 cxd4 4. Nxd4 Nf6 5. Nc3 g6 6. f3 Bg7 7. Be3 Nc6 8. Qd2
O-O 9. O-O-O Nxd4 10. Bxd4 Be6 11. Kb1 Qc7 12. g4 Rfc8 13. h4 Qa5 14. Nd5 Qxd2
15. Nxf6+ Bxf6 16. Rxd2 Bxd4 17. Rxd4 Rc5 18. Rb4 b6 19. Bd3 Rac8 20. h5 Kg7
21. Rg1 gxh5 22. g5 Bc4 23. Bxc4 Rxc4 24. Rxc4 Rxc4 25. c3 Kg6 26. Kc2 e6 27.
Kd3 Rc5 28. f4 d5 29. f5+ exf5 30. exf5+ Kxf5 31. Kd4 h4 32. b3 h3 33. Rg3 Ra5
34. a4 b5 35. Rxh3 bxa4 36. bxa4 Kxg5 37. Rxh7 Kg6 38. Rh1 Kf5 39. c4 Rxa4 40.
Kxd5 Kf6 41. Re1 Ra6 42. c5 Re6 43. Rxe6+ 1-0

[Event "Niedersachsen-Hessen"]
[Site "?"]
[Date "2005.04.15"]
[Round "2.2"]
[White "Markgraf, Claudia"]
[Black "Zahn, Nicol"]
[Result "0-1"]
[WhiteElo "2153"]
[BlackElo "1998"]
[PlyCount "62"]
[EventDate "1905.??.??"]

1. e4 c5 2. Nc3 e6 3. g3 Nc6 4. Bg2 g6 5. d3 Bg7 6. Be3 d6 7. Qd2 Nge7 8. Bh6
O-O 9. h4 f6 10. Bxg7 Kxg7 11. f4 f5 12. Nf3 a6 13. h5 h6 14. O-O-O Qa5 15.
hxg6 Nxg6 16. g4 Rh8 17. g5 h5 18. exf5 exf5 19. d4 Nce7 20. Qe3 Rb8 21. Rh2 c4
22. Rdh1 b5 23. d5 b4 24. Qd4+ Kg8 25. Nb1 Qxa2 26. Rxh5 Rxh5 27. Rxh5 c3 28.
bxc3 b3 29. cxb3 Qxg2 30. Nh4 Qf1+ 31. Kc2 Qe2+ 0-1

[Event "Niedersachsen-Hessen"]
[Site "?"]
[Date "2005.04.15"]
[Round "2.3"]
[White "Pralle, Katharina"]
[Black "Hoolt, Sarah"]
[Result "0-1"]
[WhiteElo "1823"]
[BlackElo "2050"]
[PlyCount "74"]
[EventDate "1905.??.??"]

1. d4 Nf6 2. c4 g6 3. Nc3 d5 4. cxd5 Nxd5 5. g3 Bg7 6. Bg2 Nb6 7. e3 c5 8. d5
O-O 9. Nge2 Na6 10. O-O Nc7 11. Rb1 Bf5 12. e4 Bg4 13. f3 Bd7 14. Be3 Qc8 15.
Rf2 Rd8 16. Qd2 Nc4 17. Qd3 Nxe3 18. Qxe3 Nb5 19. f4 Bd4 20. Nxd4 cxd4 21. Qd3
dxc3 22. bxc3 Qxc3 23. Qxc3 Nxc3 24. Rxb7 Kf8 25. Rc2 Nb5 26. e5 Rab8 27. Rxb8
Rxb8 28. Rb2 Rc8 29. Bf1 Rc1 30. Kf2 Nd4 31. Rb8+ Kg7 32. Rb7 Rc2+ 33. Ke3 Nf5+
34. Kd3 Ba4 35. Rxa7 Rxa2 36. Kc3 Ne3 37. Bc4 Nxc4 0-1

[Event "Niedersachsen-Hessen"]
[Site "?"]
[Date "2005.04.15"]
[Round "2.4"]
[White "Lösch, Yvonne"]
[Black "Fischer, Helena"]
[Result "1/2-1/2"]
[WhiteElo "2069"]
[BlackElo "1795"]
[PlyCount "82"]
[EventDate "1905.??.??"]

1. d4 Nf6 2. c4 c5 3. d5 e6 4. Nc3 exd5 5. cxd5 d6 6. g3 g6 7. Bg2 Bg7 8. Nf3
Bg4 9. h3 Bxf3 10. Bxf3 O-O 11. O-O a6 12. a4 Nbd7 13. Re1 Re8 14. a5 b5 15.
axb6 Qxb6 16. Bg2 Ne5 17. Kh1 Rab8 18. Qa4 Nd3 19. Rf1 Nxc1 20. Raxc1 Qxb2 21.
Qxa6 Rb6 22. Qd3 Nd7 23. Na4 Qxe2 24. Qxe2 Rxe2 25. Nxb6 Nxb6 26. Rb1 Bb2 27.
Kg1 c4 28. Rfe1 Rxe1+ 29. Rxe1 c3 30. Re2 f5 31. Kf1 Nc4 32. Ke1 Bc1 33. Rc2
Bd2+ 34. Kd1 Kf7 35. Ra2 Kf6 36. Kc2 Ke5 37. Ra4 Nb2 38. Rb4 g5 39. Bh1 h6 40.
Bg2 f4 41. g4 Be1 1/2-1/2

[Event "Niedersachsen-Hessen"]
[Site "?"]
[Date "2005.04.15"]
[Round "2.5"]
[White "Korentsvit, Eugenia"]
[Black "Zschischang, Marine"]
[Result "1/2-1/2"]
[WhiteElo "1818"]
[BlackElo "2061"]
[PlyCount "61"]
[EventDate "1905.??.??"]

1. d4 e6 2. c4 d5 3. Nc3 Nf6 4. Bg5 c6 5. e3 Be7 6. Nf3 Ne4 7. Bxe7 Qxe7 8. Qc2
Nd6 9. cxd5 exd5 10. Bd3 f5 11. O-O O-O 12. b4 a6 13. a4 Be6 14. b5 Rc8 15. Qb3
Ne4 16. Rac1 axb5 17. axb5 Ra3 18. Qb2 cxb5 19. Nxd5 Qd6 20. Nf4 Rxc1 21. Qxc1
Rc3 22. Qb2 b4 23. Nxe6 Rxd3 24. Nf4 Ra3 25. Ne5 b5 26. Rc1 Nc3 27. Nfd3 Na6
28. Ra1 Rxa1+ 29. Qxa1 h6 30. Qb2 Kh7 31. Qc2 1/2-1/2

[Event "Niedersachsen-Hessen"]
[Site "?"]
[Date "2005.04.15"]
[Round "2.6"]
[White "Michalek, Barbara"]
[Black "Kimpel, Janine"]
[Result "1-0"]
[WhiteElo "1894"]
[BlackElo "1731"]
[PlyCount "77"]
[EventDate "1905.??.??"]

1. d4 d5 2. c4 e6 3. Nc3 Nf6 4. Nf3 Nbd7 5. Bg5 Be7 6. e3 O-O 7. Be2 c6 8. O-O
b6 9. a3 Bb7 10. b4 c5 11. cxd5 Nxd5 12. Bxe7 Qxe7 13. Nxd5 Bxd5 14. dxc5 bxc5
15. b5 Rfd8 16. Qc2 Rac8 17. e4 Ba8 18. Rfe1 Nf6 19. Bc4 Ne8 20. Re3 Nd6 21.
Rae1 Rc7 22. a4 Kh8 23. h3 Bb7 24. g4 e5 25. a5 Bc8 26. Rb1 Bd7 27. b6 axb6 28.
axb6 Rcc8 29. b7 Rb8 30. Bd5 Nb5 31. Rc1 Nd4 32. Qxc5 Qf6 33. Nxd4 exd4 34. Rd3
Qf4 35. Qc7 Qg5 36. Rb1 h5 37. Qg3 hxg4 38. hxg4 Bxg4 39. f3 1-0

[Event "Niedersachsen-Hessen"]
[Site "?"]
[Date "2005.04.15"]
[Round "2.7"]
[White "Moritz, Cornelia"]
[Black "Laake, Jasmin"]
[Result "0-1"]
[WhiteElo "1706"]
[BlackElo "1941"]
[PlyCount "84"]
[EventDate "1905.??.??"]

1. e4 c5 2. Nc3 d6 3. g3 Nc6 4. Bg2 g6 5. f4 Bg7 6. Nd5 e6 7. Ne3 Nge7 8. c3 b5
9. Ne2 Qb6 10. a4 Ba6 11. d3 Rd8 12. O-O d5 13. e5 d4 14. cxd4 cxd4 15. Ng4 Nd5
16. Bxd5 Rxd5 17. b3 O-O 18. Nf6+ Bxf6 19. exf6 Rf5 20. g4 Rxf6 21. Ng3 e5 22.
Ne4 Qd8 23. f5 gxf5 24. gxf5 Kh8 25. Bg5 Rg8 26. Qh5 Nb4 27. Rf3 Bb7 28. Nxf6
Qxf6 29. Rg3 Qc6 30. Rc1 Qh1+ 31. Kf2 Nxd3+ 32. Rxd3 Qg2+ 33. Ke1 Rxg5 34. Qe2
Qd5 35. Rg3 Rxg3 36. hxg3 d3 37. Qe3 Qh1+ 38. Kd2 Qg2+ 39. Kxd3 Qb2 40. Qc5
Qxb3+ 41. Rc3 Qd1+ 42. Ke3 Qe1+ 0-1

[Event "Niedersachsen-Hessen"]
[Site "?"]
[Date "2005.04.15"]
[Round "2.8"]
[White "Taranjuk, Olesja"]
[Black "Jacob, Christiane"]
[Result "1-0"]
[WhiteElo "1761"]
[BlackElo "1680"]
[PlyCount "109"]
[EventDate "1905.??.??"]

1. d4 Nf6 2. c4 g6 3. Nf3 Bg7 4. Nc3 d5 5. Bf4 c6 6. e3 O-O 7. Rc1 Nbd7 8. cxd5
Nxd5 9. Nxd5 cxd5 10. Bc7 Qe8 11. Qb3 e5 12. Bd6 exd4 13. Bxf8 Nxf8 14. Bb5 Qe4
15. O-O Bf5 16. exd4 a6 17. Rfe1 Qf4 18. Bd3 Be6 19. Qb6 Nd7 20. Qxb7 Rb8 21.
Rc8+ Rxc8 22. Qxc8+ Nf8 23. Qxa6 Bg4 24. Ne5 Qxd4 25. Nxg4 Qxg4 26. b3 Bd4 27.
Qd6 Qg5 28. Qe7 Qf4 29. Qe2 Kg7 30. a4 Nd7 31. Bb5 Nc5 32. Rd1 Nxb3 33. Qc2 Nc5
34. Qd2 Be5 35. Qxf4 Bxf4 36. Rxd5 Nb3 37. Rd7 Nc5 38. Rd4 Bc7 39. Rd5 Ne4 40.
f3 Nc3 41. Rd7 Bb6+ 42. Kf1 g5 43. Ke1 h6 44. Kd2 Ba5 45. Kd3 h5 46. Kd4 g4 47.
fxg4 hxg4 48. Ke5 Kg6 49. Kf4 Bc7+ 50. Kxg4 Bxh2 51. Bd3+ Kf6 52. a5 Ke6 53.
Bf5+ Kf6 54. a6 Nb5 55. a7 1-0